[Event "Madrid-chT Honor 2122"]
[Site "Madrid"]
[Date "2022.01.30"]
[Round "7.6"]
[White "Suarez Uriel, Adrian"]
[Black "Palomino Menendez, Salvador"]
[Result "1-0"]
[WhiteElo "2352"]
[BlackElo "1865"]
[PlyCount "91"]
[EventDate "2021.11.27"]
[EventType "team-tourn"]
[EventRounds "14"]
[EventCountry "ESP"]
[SourceTitle "EXT 2024"]
[Source "ChessBase"]
[SourceDate "2023.10.10"]
[SourceVersion "1"]
[SourceVersionDate "2023.10.10"]
[SourceQuality "1"]
[WhiteTeam "Collado Villalba"]
[BlackTeam "La Didactica"]
[WhiteTeamCountry "ESP"]
[BlackTeamCountry "ESP"]

1. e4 c5 2. Nf3 a6 3. c3 e6 4. d4 cxd4 5. cxd4 d5 6. e5 Bb4+ 7. Nc3 Ne7 8. Bd3 Nbc6 9. 0-0 Nf5 10. Ne2 0-0 11. Kh1 Bd7 12. g4 Nh4 13. Bg5 Be7 14. Bxh4 Bxh4 15. a3 Be7 16. Nf4 f6 17. Qc2 g6 18. Bxg6 f5 19. gxf5 hxg6 20. f6 Bxf6 21. Qxg6+ Bg7 22. Nh5 Qe7 23. Rg1 Be8 24. Qxg7+ Qxg7 25. Nxg7 Rxf3 26. Nxe8+ Kf8 27. Nf6 Kf7 28. Rg4 Rxf2 29. Rh4 Rxf6 30. exf6 Kxf6 31. Rf1+ Ke7 32. Rg4 Kd6 33. h4 Ne7 34. h5 Rh8 35. Rg5 Nc6 36. Rf4 Ne7 37. Kg2 Rh6 38. Kf3 Nc6 39. Kg3 b5 40. Kh4 Ne7 41. Rg7 Rh8 42. Kg5 a5 43. h6 Nc6 44. h7 Ne7 45. Rff7 Nf5 46. Rxf5 1-0

[Event "Collado Villalba 64 op 7th"]
[Site "Collado Villalba"]
[Date "2019.08.03"]
[Round "7"]
[White "Barahona Torrijos, Angel"]
[Black "Palomino Menendez, Salvador"]
[Result "1-0"]
[WhiteElo "1862"]
[BlackElo "1882"]
[PlyCount "61"]
[EventDate "2019.07.29"]
[EventType "swiss"]
[EventRounds "9"]
[EventCountry "ESP"]
[SourceTitle "CBM 195 Extra"]
[Source "ChessBase"]
[SourceDate "2020.05.31"]
[SourceVersion "1"]
[SourceVersionDate "2020.05.31"]
[SourceQuality "1"]

1. e4 c5 2. Nf3 a6 3. c4 Nc6 4. d4 cxd4 5. Nxd4 e5 6. Nxc6 bxc6 7. Nc3 Bc5 8. Be2 Rb8 9. 0-0 Nf6 10. Qc2 0-0 11. Na4 Bd4 12. c5 Rb4 13. Bd2 Rxa4 14. Qxa4 Nxe4 15. Be3 Nxc5 16. Qa3 Qb6 17. Bxd4 exd4 18. b4 Ne4 19. Bd3 Nc3 20. b5 axb5 21. Bxh7+ Kxh7 22. Qxf8 Ne2+ 23. Kh1 Qc7 24. Qe7 Nf4 25. Qxf7 c5 26. Rfe1 Bb7 27. Re7 Bxg2+ 28. Kg1 Nh3+ 29. Kxg2 Qc6+ 30. Kxh3 Qh6+ 31. Kg4 1-0

[Event "Madrid-chT 1617"]
[Site "Madrid"]
[Date "2017.01.15"]
[Round "5.34"]
[White "Plazuelo Pascual, Juan"]
[Black "Palomino Menendez, Salvador"]
[Result "1-0"]
[WhiteElo "2307"]
[BlackElo "1932"]
[PlyCount "79"]
[EventDate "2016.11.20"]
[EventType "team-tourn"]
[EventRounds "14"]
[EventCountry "ESP"]
[SourceTitle "EXT 2018"]
[Source "ChessBase"]
[SourceDate "2017.10.13"]
[SourceVersion "1"]
[SourceVersionDate "2017.10.13"]
[SourceQuality "1"]
[WhiteTeam "Virgen de Atocha"]
[BlackTeam "64 Villalba"]
[WhiteTeamCountry "ESP"]
[BlackTeamCountry "ESP"]

1. d4 Nf6 2. c4 e6 3. Nf3 b6 4. e3 Bb7 5. Bd3 d5 6. b3 Bd6 7. 0-0 0-0 8. Bb2 Nbd7 9. Nc3 a6 10. a4 Bb4 11. Na2 Bd6 12. a5 c5 13. cxd5 exd5 14. axb6 Qxb6 15. dxc5 Bxc5 16. b4 Be7 17. Bd4 Qe6 18. Ng5 Qd6 19. Qb1 h6 20. Nf3 Ne4 21. Qb2 Bf6 22. Rfd1 Qe6 23. Bxf6 Qxf6 24. Qxf6 Ndxf6 25. Nd4 g6 26. Nc1 Rfc8 27. Ncb3 Nc3 28. Rdc1 Rc7 29. Na5 Bc8 30. f3 Nb5 31. Bxb5 Rxc1+ 32. Rxc1 axb5 33. Nxb5 Bd7 34. Nd4 Kf8 35. Kf2 Ke7 36. Nac6+ Bxc6 37. Rxc6 Nd7 38. Rc2 Ne5 39. Ke2 Rb8 40. f4 1-0

[Event "Madrid-chT 1516"]
[Site "Madrid"]
[Date "2015.12.12"]
[Round "3.36"]
[White "Unciti Juan, Javier"]
[Black "Palomino Menendez, Salvador"]
[Result "1-0"]
[WhiteElo "2050"]
[BlackElo "1888"]
[PlyCount "77"]
[EventDate "2015.11.22"]
[EventType "team-tourn"]
[EventRounds "14"]
[EventCountry "ESP"]
[SourceTitle "EXT 2017"]
[Source "ChessBase"]
[SourceDate "2016.10.25"]
[SourceVersion "1"]
[SourceVersionDate "2016.10.25"]
[SourceQuality "1"]
[WhiteTeam "La Casa del Ajedrez"]
[BlackTeam "Villalba 64"]
[WhiteTeamCountry "ESP"]
[BlackTeamCountry "ESP"]

1. d4 Nf6 2. Bf4 d6 3. e3 c6 4. Nd2 Qc7 5. Ngf3 Bg4 6. h3 Bh5 7. Be2 Nbd7 8. 0-0 h6 9. c4 g5 10. Bg3 Bg7 11. c5 0-0 12. Nc4 Ne8 13. e4 b5 14. Ne3 Bg6 15. Bd3 e5 16. cxd6 Qxd6 17. dxe5 Nxe5 18. Nxe5 Bxe5 19. Bxe5 Qxe5 20. Qc2 Qe6 21. f4 gxf4 22. Rxf4 Qd6 23. Rf3 Nf6 24. Rd1 Qe5 25. Qxc6 Nxe4 26. Ng4 Qd4+ 27. Kh1 Ng5 28. Nxh6+ Kg7 29. Nf5+ Bxf5 30. Rxf5 Ne6 31. Qf3 Rad8 32. Bc2 Qh4 33. Qc3+ f6 34. Rxd8 Rxd8 35. Bb3 b4 36. Qe3 Nd4 37. Rf4 Qh6 38. Rg4+ Kh7 39. Qe7+ 1-0

[Event "Madrid-chT 1516"]
[Site "Madrid"]
[Date "2015.11.29"]
[Round "2.46"]
[White "Palomino Menendez, Salvador"]
[Black "Pablos Tenrero, Raquel"]
[Result "0-1"]
[WhiteElo "1888"]
[BlackElo "2077"]
[PlyCount "90"]
[EventDate "2015.11.22"]
[EventType "team-tourn"]
[EventRounds "14"]
[EventCountry "ESP"]
[SourceTitle "EXT 2017"]
[Source "ChessBase"]
[SourceDate "2016.10.25"]
[SourceVersion "1"]
[SourceVersionDate "2016.10.25"]
[SourceQuality "1"]
[WhiteTeam "Villalba 64"]
[BlackTeam "Liberty Chess"]
[WhiteTeamCountry "ESP"]
[BlackTeamCountry "ESP"]

1. e4 c6 2. Nf3 d5 3. exd5 cxd5 4. Ne5 Nc6 5. d4 Nf6 6. c3 g6 7. Be2 Bg7 8. h4 h5 9. Bf4 Ne4 10. f3 Nd6 11. Na3 Bf5 12. Qb3 e6 13. Nb5 Nxb5 14. Qxb5 Qc8 15. Qa4 a6 16. c4 0-0 17. cxd5 exd5 18. Rc1 Qe8 19. Nxc6 bxc6 20. Kf2 Qe7 21. Bg5 Qb7 22. b3 Rfe8 23. Rhd1 Re6 24. Rc3 Qb6 25. Re3 a5 26. Rxe6 Bxe6 27. Be7 Bd7 28. Bc5 Qd8 29. g3 Qf6 30. Rd3 Bh6 31. b4 Qe6 32. bxa5 Qh3 33. Bd6 Qh2+ 34. Ke1 Qg1+ 35. Bf1 Bh3 36. f4 Bxf1 37. Qxc6 Bxd3+ 38. Kd2 Qf2+ 39. Kxd3 Qxg3+ 40. Kc2 Qf2+ 41. Kb3 Qe3+ 42. Kc2 Rxa5 43. a3 Bxf4 44. Bxf4 Qxf4 45. Qe8+ Kg7 0-1